IFM Opac

Balance sheets and the lending banker (Record no. 15201)

MARC details
000 -LEADER
fixed length control field 00438nam a22001697a 4500
020 ## - INTERNATIONAL STANDARD BOOK NUMBER
International Standard Book Number 90036209x
082 ## - DEWEY DECIMAL CLASSIFICATION NUMBER
Classification number 332.17
100 ## - MAIN ENTRY--PERSONAL NAME
Personal name Clemens, J.H.
245 ## - TITLE STATEMENT
Title Balance sheets and the lending banker
250 ## - EDITION STATEMENT
Edition statement 4th ed.
260 ## - PUBLICATION, DISTRIBUTION, ETC.
Place of publication, distribution, etc. London
Name of publisher, distributor, etc. Europa
Date of publication, distribution, etc. 1968
300 ## - PHYSICAL DESCRIPTION
Extent 271p
Other physical details illl,:25cm
500 ## - GENERAL NOTE
General note Include Appendix, Glossary and Index
650 ## - SUBJECT ADDED ENTRY--TOPICAL TERM
Topical term or geographic name entry element Balance sheets and the lending banker
700 ## - ADDED ENTRY--PERSONAL NAME
Personal name Clemens, J.H.
942 ## - ADDED ENTRY ELEMENTS (KOHA)
Koha item type Books
Holdings
Withdrawn status Lost status Damaged status Not for loan Home library Current library Shelving location Date acquired Total Checkouts Full call number Barcode Date last seen Price effective from Koha item type
Withdrawn       IFM Main Campus Library IFM Main Campus Library Archival Collection 02/02/2016   332.17 0000009770 02/02/2016 02/19/2022 Books